Answers Start With A - Statistics

General Stats
  • This quiz has been taken 167 times
  • The average score is 15 of 20
Answer Stats
Hint Answer % Correct
Maker of iPhone, iPod, AirPods Apple
97%
Last name of the first man to walk on the moon Armstrong
94%
First US state alphabetically Alabama
93%
Hawaiian hello Aloha
92%
First name of the man who said the above quote Abraham
91%
Queen song "_______ One Bites The Dust" Another
91%
What cooks wear to protect the front of their clothes Apron
89%
The study of space Astronomy
84%
South American country Argentina
83%
Less than 90 degree angle Acute
81%
_____, Simon, and Theodore Alvin
75%
First name of the singer who's last name is a Starbucks drink size Ariana
73%
Prize Award
64%
First country alphabetically Afghanistan
63%
"Four score and seven years ___" - Lincoln Ago
62%
Famous 2020 TikToker ______ Rae Addison
56%
The study of humanity Anthropology
49%
Point after a deuce (in tennis) Advantage
42%
The plastic end of a shoelace Aglet
41%
Capital of the US state Maryland Annapolis
36%
No matching quizzes found
Score Distribution
Percent of People with Each Score
Percentile by Number Answered
Your Score History
You have not taken this quiz